00626nam a22001817a 4500008004100000020001500041040005500056080002300111100002000134245001500154260003600169300001100205500002800216650002100244942001200265999001700277952015000294230324b |||||||| |||| 00| 0 eng d a8178080176 aNational Science LibrarycNational Science Library aD 681.3.06JavabP2 aHostmann, Cay S aCore Java  aNoida: bEducation Asia, c2000 a1204p. aVol.2 Advanced features aComputer science 2udccBK c14106d14106 00102udc406D_681306JAVA_P270920879aNSLbNSLcGF/Rk-4/C-3/R-1d2003-08-27l0oD 681.3.06Java P2p180595r2023-03-24 00:00:00w2023-03-24yBK